[Event "DEM U10 2025"]
[Site "Willingen GER"]
[Date "2025.06.13"]
[Round "8"]
[White "Stojanoski, Stefan"]
[Black "Mettenbrink, Tammo"]
[Result "1-0"]
[Termination "normal"]
[Board "13"]
[WhiteElo "1670"]
[BlackElo "1275"]
[WhiteClock "01:08:13"]
[BlackClock "01:10:53"]
[PlyCount "45"]
[WhiteFideId "34632948"]
[BlackFideId "533043043"]
[EventCountry "GER"]
[EventRounds "9"]
[EventType "swiss"]
[EventDate "2025.06.07"]

1. e4 {[%clk 01:30:59]} c6 {[%clk 01:30:18]} {[%emt 00:00:43]} 2. Nc3 {[%clk
01:30:55]} {[%emt 00:00:33]} d5 {[%clk 01:30:36]} {[%emt 00:00:11]} 3. Nf3
{[%clk 01:30:43]} {[%emt 00:00:42]} Bg4 {[%clk 01:30:50]} {[%emt 00:00:17]} 4.
h3 {[%clk 01:29:38]} {[%emt 00:01:35]} Bh5 {[%clk 01:30:36]} {[%emt 00:00:45]}
5. g4 {[%clk 01:29:45]} {[%emt 00:00:23]} Bg6 {[%clk 01:30:56]} {[%emt
00:00:10]} 6. exd5 {[%clk 01:29:02]} {[%emt 00:01:13]} cxd5 {[%clk 01:31:18]}
{[%emt 00:00:08]} 7. Bb5+ {[%clk 01:29:19]} {[%emt 00:00:12]} Nc6 {[%clk
01:31:10]} {[%emt 00:00:39]} 8. d3 {[%clk 01:25:28]} {[%emt 00:04:21]} a6
{[%clk 01:31:33]} {[%emt 00:00:07]} 9. Bxc6+ {[%clk 01:24:41]} {[%emt
00:01:17]} bxc6 {[%clk 01:31:50]} {[%emt 00:00:14]} 10. Be3 {[%clk 01:18:15]}
{[%emt 00:06:55]} e6 {[%clk 01:31:27]} {[%emt 00:00:54]} 11. Qd2 {[%clk
01:15:21]} {[%emt 00:03:24]} Bd6 {[%clk 01:31:04]} {[%emt 00:00:53]} 12. O-O-O
{[%clk 01:14:18]} {[%emt 00:01:32]} Rb8 {[%clk 01:29:41]} {[%emt 00:01:55]} 13.
Ne2 {[%clk 01:09:44]} {[%emt 00:05:03]} Qf6 {[%clk 01:27:59]} {[%emt 00:02:11]}
14. Nfd4 {[%clk 01:09:03]} {[%emt 00:01:11]} c5 {[%clk 01:25:41]} {[%emt
00:02:49]} 15. Bg5 {[%clk 01:09:25]} {[%emt 00:00:07]} Qxf2 {[%clk 01:19:27]}
{[%emt 00:06:45]} 16. Rdf1 {[%clk 01:08:40]} {[%emt 00:01:15]} Qg2 {[%clk
01:18:11]} {[%emt 00:01:47]} 17. Nf3 {[%clk 01:08:30]} {[%emt 00:00:39]} a5
{[%clk 01:11:53]} {[%emt 00:06:48]} 18. Nh4 {[%clk 01:07:40]} {[%emt 00:01:20]}
Qxh1 {[%clk 01:09:41]} {[%emt 00:02:43]} 19. Rxh1 {[%clk 01:08:03]} {[%emt
00:00:06]} f6 {[%clk 01:09:58]} {[%emt 00:00:13]} 20. Nxg6 {[%clk 01:08:15]}
{[%emt 00:00:18]} hxg6 {[%clk 01:10:17]} {[%emt 00:00:11]} 21. Bf4 {[%clk
01:07:58]} {[%emt 00:00:47]} e5 {[%clk 01:10:36]} {[%emt 00:00:11]} 22. Bg3
{[%clk 01:08:20]} {[%emt 00:00:08]} a4 {[%clk 01:10:53]} {[%emt 00:00:13]} 23.
Qa5 {[%clk 01:08:13]} {[%emt 00:00:36]} 1-0

[Event "DEM U10 2025"]
[Site "Willingen GER"]
[Date "2025.06.13"]
[Round "8"]
[White "Möller, Julian"]
[Black "von Flottwell, Lionel"]
[Result "0-1"]
[Termination "normal"]
[Board "14"]
[WhiteElo "1161"]
[BlackElo "1645"]
[WhiteClock "00:49:18"]
[BlackClock "00:41:08"]
[PlyCount "62"]
[WhiteFideId "533022577"]
[BlackFideId "34632727"]
[EventCountry "GER"]
[EventRounds "9"]
[EventType "swiss"]
[EventDate "2025.06.07"]

1. e4 {[%clk 01:30:57]} {[%emt 00:00:02]} e5 {[%clk 01:30:44]} {[%emt
00:00:17]} 2. Nf3 {[%clk 01:31:06]} {[%emt 00:00:20]} Nc6 {[%clk 01:31:09]}
{[%emt 00:00:06]} 3. Bc4 {[%clk 01:31:03]} {[%emt 00:00:32]} Nf6 {[%clk
01:31:33]} {[%emt 00:00:07]} 4. Ng5 {[%clk 01:31:02]} {[%emt 00:00:31]} d5
{[%clk 01:31:57]} {[%emt 00:00:07]} 5. exd5 {[%clk 01:31:07]} {[%emt 00:00:24]}
Na5 {[%clk 01:32:18]} {[%emt 00:00:09]} 6. Bb5+ {[%clk 01:30:59]} {[%emt
00:00:37]} Bd7 {[%clk 01:32:33]} {[%emt 00:00:15]} 7. Qe2 {[%clk 01:28:19]}
{[%emt 00:03:10]} Bd6 {[%clk 01:32:43]} {[%emt 00:00:21]} 8. Nc3 {[%clk
01:25:23]} {[%emt 00:03:26]} O-O {[%clk 01:25:12]} {[%emt 00:08:02]} 9. O-O
{[%clk 01:23:30]} {[%emt 00:02:21]} c6 {[%clk 01:16:07]} {[%emt 00:09:35]} 10.
dxc6 {[%clk 01:23:12]} {[%emt 00:00:48]} Nxc6 {[%clk 01:15:59]} {[%emt
00:00:39]} 11. d3 {[%clk 01:20:42]} {[%emt 00:02:59]} Nd4 {[%clk 01:15:44]}
{[%emt 00:00:47]} 12. Qd1 {[%clk 01:15:11]} {[%emt 00:05:57]} Nxb5 {[%clk
01:14:21]} {[%emt 00:01:55]} 13. Nce4 {[%clk 01:08:19]} {[%emt 00:07:19]} Nxe4
{[%emt 00:04:40]} 14. Nxe4 {[%clk 01:08:33]} {[%emt 00:00:14]} Bc7 {[%clk
01:04:42]} {[%emt 00:06:05]} 15. Be3 {[%clk 01:06:34]} {[%emt 00:02:28]} f5
{[%clk 01:04:13]} {[%emt 00:00:59]} 16. Nd2 {[%clk 01:05:21]} {[%emt 00:01:41]}
Bc6 {[%clk 00:53:11]} {[%emt 00:11:33]} 17. f3 {[%clk 01:04:33]} {[%emt
00:01:17]} Bb6 {[%clk 00:51:23]} {[%emt 00:02:20]} 18. Bxb6 {[%clk 01:04:09]}
{[%emt 00:00:53]} Qxb6+ {[%clk 00:51:34]} {[%emt 00:00:20]} 19. Kh1 {[%clk
01:04:29]} {[%emt 00:00:10]} Rf6 {[%clk 00:51:28]} {[%emt 00:00:36]} 20. Qe2
{[%clk 01:02:53]} {[%emt 00:02:06]} Re8 {[%clk 00:51:01]} {[%emt 00:00:58]} 21.
Nc4 {[%clk 00:59:53]} {[%emt 00:03:29]} Qc5 {[%clk 00:50:43]} {[%emt 00:00:49]}
22. a3 {[%clk 00:59:30]} {[%emt 00:00:51]} Rh6 {[%clk 00:48:45]} {[%emt
00:02:30]} 23. b4 {[%clk 00:59:23]} {[%emt 00:00:36]} Qd4 {[%clk 00:48:30]}
{[%emt 00:00:46]} 24. Ne3 {[%clk 00:58:12]} {[%emt 00:01:37]} Rf8 {[%clk
00:47:21]} {[%emt 00:01:43]} 25. Rfc1 {[%clk 00:57:11]} {[%emt 00:01:30]} Nc3
{[%clk 00:42:23]} {[%emt 00:05:29]} 26. Qe1 {[%clk 00:55:00]} {[%emt 00:02:39]}
Rff6 {[%clk 00:42:14]} {[%emt 00:00:40]} 27. h3 {[%clk 00:54:08]} {[%emt
00:01:19]} Rfg6 {[%clk 00:40:17]} {[%emt 00:02:31]} 28. Nxf5 {[%clk 00:49:55]}
{[%emt 00:04:41]} Rxh3+ {[%clk 00:40:28]} {[%emt 00:00:20]} 29. gxh3 {[%clk
00:49:29]} {[%emt 00:00:56]} Bxf3+ {[%clk 00:40:47]} {[%emt 00:00:12]} 30. Kh2
{[%clk 00:49:12]} {[%emt 00:00:45]} Rg2+ {[%clk 00:41:14]} {[%emt 00:00:05]}
31. Kh1 {[%clk 00:49:18]} {[%emt 00:00:23]} Rxc2# {[%clk 00:41:08]} {[%emt
00:00:06]} 0-1

[Event "DEM U10 2025"]
[Site "Willingen GER"]
[Date "2025.06.13"]
[Round "8"]
[White "Khadem Aljamea, Adam"]
[Black "Busch, Jonathan Luis"]
[Result "0-1"]
[Termination "normal"]
[Board "15"]
[WhiteElo "1472"]
[BlackElo "1723"]
[WhiteClock "01:03:21"]
[BlackClock "00:58:57"]
[PlyCount "120"]
[WhiteFideId "533012989"]
[BlackFideId "34664874"]
[EventCountry "GER"]
[EventRounds "9"]
[EventType "swiss"]
[EventDate "2025.06.07"]

1. e4 {[%clk 01:30:58]} {[%emt 00:00:02]} e5 {[%clk 01:30:55]} {[%emt
00:00:05]} 2. Nf3 {[%clk 01:31:09]} {[%emt 00:00:20]} Nc6 {[%clk 01:31:17]}
{[%emt 00:00:07]} 3. d4 {[%clk 01:31:11]} {[%emt 00:00:28]} exd4 {[%clk
01:31:38]} {[%emt 00:00:09]} 4. Nxd4 {[%clk 01:31:18]} {[%emt 00:00:23]} Nf6
{[%clk 01:31:57]} {[%emt 00:00:10]} 5. Nc3 {[%clk 01:30:51]} {[%emt 00:00:58]}
Bb4 {[%clk 01:31:46]} {[%emt 00:00:41]} 6. Nxc6 {[%clk 01:30:40]} {[%emt
00:00:42]} bxc6 {[%clk 01:32:06]} {[%emt 00:00:08]} 7. Bd3 {[%clk 01:30:10]}
{[%emt 00:01:01]} d5 {[%clk 01:31:54]} {[%emt 00:00:42]} 8. exd5 {[%clk
01:30:00]} {[%emt 00:00:40]} O-O {[%clk 01:32:01]} {[%emt 00:00:22]} 9. dxc6
{[%clk 01:29:26]} {[%emt 00:01:05]} Re8+ {[%clk 01:32:08]} {[%emt 00:00:23]}
10. Be3 {[%clk 01:29:43]} {[%emt 00:00:13]} Bg4 {[%clk 01:21:30]} {[%emt
00:11:09]} 11. Qd2 {[%clk 01:25:28]} {[%emt 00:04:44]} Nd5 {[%clk 01:19:44]}
{[%emt 00:02:16]} 12. O-O {[%clk 01:22:19]} {[%emt 00:03:38]} Bxc3 {[%clk
01:19:18]} {[%emt 00:00:57]} 13. bxc3 {[%clk 01:21:31]} {[%emt 00:01:19]} Nxe3
{[%clk 01:19:32]} {[%emt 00:00:16]} 14. fxe3 {[%clk 01:20:37]} {[%emt
00:01:24]} Qd6 {[%clk 01:18:50]} {[%emt 00:01:11]} 15. h3 {[%clk 01:19:29]}
{[%emt 00:01:38]} Be6 {[%clk 01:15:23]} {[%emt 00:03:56]} 16. Rf4 {[%emt
00:08:35]} Qxc6 {[%clk 01:13:43]} 17. Be4 {[%clk 01:12:55]} {[%emt 00:01:09]}
Qd6 {[%clk 01:13:11]} {[%emt 00:01:02]} 18. Qxd6 {[%clk 01:12:20]} {[%emt
00:01:05]} cxd6 {[%clk 01:13:30]} {[%emt 00:00:10]} 19. Bxa8 {[%clk 01:12:41]}
{[%emt 00:00:09]} Rxa8 {[%clk 01:13:48]} {[%emt 00:00:13]} 20. Rd1 {[%clk
01:12:32]} {[%emt 00:00:39]} d5 {[%clk 01:13:49]} {[%emt 00:00:29]} 21. Rb1
{[%clk 01:10:02]} {[%emt 00:03:00]} g5 {[%clk 01:14:07]} {[%emt 00:00:11]} 22.
Ra4 {[%clk 01:08:58]} {[%emt 00:01:34]} Rc8 {[%clk 01:14:23]} {[%emt 00:00:14]}
23. Rxa7 {[%clk 01:09:10]} {[%emt 00:00:18]} Rxc3 {[%clk 01:14:44]} {[%emt
00:00:09]} 24. Rb2 {[%clk 01:09:14]} {[%emt 00:00:26]} Rxe3 {[%clk 01:14:58]}
{[%emt 00:00:15]} 25. Kf2 {[%clk 01:09:32]} {[%emt 00:00:13]} Rc3 {[%clk
01:15:19]} {[%emt 00:00:10]} 26. a4 {[%clk 01:09:52]} {[%emt 00:00:10]} Bf5
{[%clk 01:15:26]} {[%emt 00:00:21]} 27. a5 {[%clk 01:09:47]} {[%emt 00:00:36]}
Bxc2 {[%clk 01:15:40]} {[%emt 00:00:15]} 28. a6 {[%clk 01:09:49]} {[%emt
00:00:29]} Bd3 {[%clk 01:13:19]} {[%emt 00:02:50]} 29. Ra8+ {[%clk 01:09:48]}
{[%emt 00:00:31]} Kg7 {[%clk 01:13:40]} {[%emt 00:00:08]} 30. a7 {[%clk
01:10:04]} {[%emt 00:00:15]} Ra3 {[%clk 01:14:05]} {[%emt 00:00:05]} 31. Ke3
{[%clk 01:09:49]} {[%emt 00:00:46]} Be4+ {[%clk 01:11:43]} {[%emt 00:02:51]}
32. Kd4 {[%clk 01:09:55]} {[%emt 00:00:24]} Ra5 {[%clk 01:11:51]} {[%emt
00:00:23]} 33. Rb7 {[%clk 01:09:45]} {[%emt 00:00:40]} Ra4+ {[%clk 01:11:29]}
{[%emt 00:00:52]} 34. Ke5 {[%clk 01:09:40]} {[%emt 00:00:35]} Bxg2 {[%clk
01:11:28]} {[%emt 00:00:30]} 35. Rbb8 {[%clk 01:09:14]} {[%emt 00:00:58]} d4
{[%clk 01:10:49]} {[%emt 00:01:09]} 36. Rg8+ {[%clk 01:09:35]} {[%emt
00:00:09]} Kh6 {[%clk 01:11:04]} {[%emt 00:00:14]} 37. Rad8 {[%clk 01:09:29]}
{[%emt 00:00:37]} Rxa7 {[%clk 01:11:04]} {[%emt 00:00:30]} 38. Rd6+ {[%clk
01:09:36]} {[%emt 00:00:23]} Kh5 {[%clk 01:11:05]} {[%emt 00:00:29]} 39. Rh8
{[%clk 01:09:31]} {[%emt 00:00:35]} f5 {[%clk 01:11:09]} {[%emt 00:00:27]} 40.
Kxf5 {[%clk 01:08:19]} {[%emt 00:01:41]} Bxh3+ {[%clk 01:11:13]} {[%emt
00:00:27]} 41. Ke4 {[%clk 01:08:36]} {[%emt 00:00:13]} Rf7 {[%clk 01:10:33]}
{[%emt 00:01:10]} 42. Kxd4 {[%clk 01:08:42]} {[%emt 00:00:24]} Re7 {[%clk
01:07:44]} {[%emt 00:03:18]} 43. Rd5 {[%clk 01:08:29]} {[%emt 00:00:44]} Bg2
{[%clk 01:06:58]} {[%emt 00:01:16]} 44. Re5 {[%clk 01:08:37]} {[%emt 00:00:22]}
Rf7 {[%clk 01:06:23]} {[%emt 00:01:04]} 45. Ke3 {[%clk 01:08:43]} {[%emt
00:00:25]} Kg4 {[%clk 01:06:15]} {[%emt 00:00:37]} 46. Rg8 {[%clk 01:08:29]}
{[%emt 00:00:45]} h6 {[%clk 01:05:49]} {[%emt 00:00:56]} 47. Rd8 {[%clk
01:08:04]} {[%emt 00:00:55]} Rf3+ {[%clk 01:05:24]} {[%emt 00:00:54]} 48. Ke2
{[%clk 01:08:11]} {[%emt 00:00:24]} Rg3 {[%clk 01:03:03]} {[%emt 00:02:49]} 49.
Rd4+ {[%clk 01:08:13]} {[%emt 00:00:29]} Kh3 {[%clk 01:03:07]} {[%emt
00:00:25]} 50. Rf5 {[%clk 01:06:28]} {[%emt 00:02:16]} h5 {[%clk 01:00:33]}
{[%emt 00:03:04]} 51. Kf2 {[%clk 01:06:22]} {[%emt 00:00:36]} h4 {[%clk
00:59:42]} {[%emt 00:01:21]} 52. Rb4 {[%clk 01:03:07]} {[%emt 00:03:45]} g4
{[%clk 00:58:13]} {[%emt 00:01:59]} 53. Rb1 {[%clk 01:02:30]} {[%emt 00:01:07]}
Be4 {[%clk 00:57:56]} {[%emt 00:00:46]} 54. Re1 {[%clk 01:02:39]} {[%emt
00:00:21]} Rg2+ {[%clk 00:58:08]} {[%emt 00:00:19]} 55. Ke3 {[%clk 01:02:31]}
{[%emt 00:00:37]} Bxf5 {[%clk 00:58:29]} {[%emt 00:00:08]} 56. Rh1 {[%clk
01:02:47]} {[%emt 00:00:15]} Kg3 {[%clk 00:58:40]} {[%emt 00:00:18]} 57. Rf1
{[%clk 01:03:05]} {[%emt 00:00:12]} h3 {[%clk 00:58:13]} {[%emt 00:00:58]} 58.
Rxf5 {[%clk 01:03:22]} {[%emt 00:00:12]} h2 {[%clk 00:58:29]} {[%emt 00:00:13]}
59. Rh5 {[%clk 01:03:26]} {[%emt 00:00:25]} Rg1 {[%clk 00:58:37]} {[%emt
00:00:23]} 60. Rxh2 {[%clk 01:03:21]} {[%emt 00:00:35]} Kxh2 {[%clk 00:58:57]}
{[%emt 00:00:10]} 0-1

[Event "DEM U10 2025"]
[Site "Willingen GER"]
[Date "2025.06.13"]
[Round "8"]
[White "Chanishvili, Noa"]
[Black "Solar, Mavi"]
[Result "1/2-1/2"]
[Termination "normal"]
[Board "16"]
[WhiteElo "1552"]
[BlackElo "1297"]
[WhiteClock "00:36:21"]
[BlackClock "00:25:15"]
[PlyCount "62"]
[WhiteFideId "34698264"]
[BlackFideId "533008973"]
[EventCountry "GER"]
[EventRounds "9"]
[EventType "swiss"]
[EventDate "2025.06.07"]

1. e4 {[%clk 01:30:53]} {[%emt 00:00:07]} e6 {[%clk 01:30:55]} {[%emt
00:00:06]} 2. d4 {[%clk 01:31:06]} {[%emt 00:00:17]} d5 {[%clk 01:31:19]}
{[%emt 00:00:06]} 3. exd5 {[%clk 01:30:40]} {[%emt 00:00:55]} exd5 {[%clk
01:31:41]} {[%emt 00:00:09]} 4. Bd3 {[%clk 01:29:54]} {[%emt 00:01:15]} Nf6
{[%clk 01:28:13]} {[%emt 00:03:59]} 5. Nf3 {[%clk 01:29:30]} {[%emt 00:00:54]}
Bg4 {[%clk 01:26:47]} {[%emt 00:01:56]} 6. O-O {[%clk 01:21:43]} {[%emt
00:08:17]} Nc6 {[%clk 01:25:11]} {[%emt 00:02:06]} 7. Re1+ {[%clk 01:19:54]}
{[%emt 00:02:18]} Be7 {[%clk 01:25:07]} {[%emt 00:00:35]} 8. c3 {[%clk
01:14:52]} {[%emt 00:05:31]} O-O {[%clk 01:24:24]} {[%emt 00:01:13]} 9. h3
{[%clk 01:09:51]} {[%emt 00:05:30]} Bh5 {[%clk 01:17:03]} {[%emt 00:07:51]} 10.
Bf4 {[%clk 01:04:51]} {[%emt 00:05:30]} Qd7 {[%clk 01:15:48]} {[%emt 00:01:45]}
11. Nbd2 {[%clk 00:59:53]} {[%emt 00:05:28]} Rfe8 {[%clk 01:14:45]} {[%emt
00:01:33]} 12. Qc2 {[%clk 00:55:47]} {[%emt 00:04:35]} Rad8 {[%clk 01:08:01]}
{[%emt 00:07:15]} 13. Ne5 {[%clk 00:49:40]} {[%emt 00:06:36]} Qd6 {[%clk
00:51:56]} {[%emt 00:16:36]} 14. g4 {[%clk 00:46:15]} {[%emt 00:03:55]} Nxg4
{[%clk 00:41:32]} {[%emt 00:10:55]} 15. hxg4 {[%clk 00:41:31]} {[%emt
00:05:13]} Bxg4 {[%clk 00:38:53]} {[%emt 00:03:08]} 16. Bg3 {[%clk 00:40:40]}
{[%emt 00:01:20]} Nxe5 {[%clk 00:37:41]} {[%emt 00:01:44]} 17. dxe5 {[%clk
00:40:36]} {[%emt 00:00:33]} Qh6 {[%clk 00:37:29]} {[%emt 00:00:42]} 18. Be2
{[%clk 00:40:38]} {[%emt 00:00:28]} Bh3 {[%clk 00:36:52]} {[%emt 00:01:08]} 19.
Nf3 {[%clk 00:40:24]} {[%emt 00:00:43]} Bc5 {[%clk 00:36:16]} {[%emt 00:01:06]}
20. Qd2 {[%clk 00:39:54]} {[%emt 00:01:00]} Qg6 {[%clk 00:36:09]} {[%emt
00:00:36]} 21. Qg5 {[%clk 00:39:47]} {[%emt 00:00:38]} Qb6 {[%clk 00:34:35]}
{[%emt 00:02:05]} 22. b4 {[%clk 00:39:18]} {[%emt 00:01:02]} Be7 {[%clk
00:34:04]} {[%emt 00:00:59]} 23. Qd2 {[%clk 00:39:26]} {[%emt 00:00:22]} c5
{[%clk 00:32:20]} {[%emt 00:02:15]} 24. a3 {[%clk 00:39:13]} {[%emt 00:00:43]}
a5 {[%clk 00:32:03]} {[%emt 00:00:47]} 25. bxa5 {[%clk 00:39:17]} {[%emt
00:00:26]} Qxa5 {[%clk 00:31:52]} {[%emt 00:00:40]} 26. Kh2 {[%clk 00:39:35]}
{[%emt 00:00:12]} Bd7 {[%clk 00:30:43]} {[%emt 00:01:40]} 27. Rg1 {[%clk
00:39:46]} {[%emt 00:00:19]} c4 {[%clk 00:30:11]} {[%emt 00:01:02]} 28. Qe3
{[%clk 00:38:41]} {[%emt 00:01:35]} Bc5 {[%clk 00:30:14]} {[%emt 00:00:28]} 29.
Nd4 {[%clk 00:38:43]} {[%emt 00:00:27]} Re6 {[%clk 00:29:22]} {[%emt 00:01:21]}
30. Bh4 {[%clk 00:37:59]} {[%emt 00:01:15]} Rde8 {[%clk 00:28:39]} {[%emt
00:01:13]} 31. Bg3 {[%clk 00:36:21]} {[%emt 00:02:09]} Rh6+ {[%clk 00:25:15]}
{[%emt 00:03:54]} 1/2-1/2

[Event "DEM U10 2025"]
[Site "Willingen GER"]
[Date "2025.06.13"]
[Round "8"]
[White "Grimm, Jakob"]
[Black "Gavrylchenko, Illia"]
[Result "1-0"]
[Termination "normal"]
[Board "17"]
[WhiteElo "1698"]
[BlackElo "1428"]
[WhiteClock "01:16:30"]
[BlackClock "00:12:32"]
[PlyCount "107"]
[WhiteFideId "34635645"]
[BlackFideId "34682007"]
[EventCountry "GER"]
[EventRounds "9"]
[EventType "swiss"]
[EventDate "2025.06.07"]

1. e4 {[%clk 01:30:59]} e5 {[%clk 01:30:56]} {[%emt 00:00:04]} 2. Nf3 {[%clk
01:31:05]} {[%emt 00:00:23]} Nc6 {[%clk 01:31:21]} {[%emt 00:00:05]} 3. Bb5
{[%clk 01:31:30]} {[%emt 00:00:05]} Nd4 {[%clk 01:31:47]} {[%emt 00:00:04]} 4.
Nxd4 {[%clk 01:30:33]} {[%emt 00:01:27]} exd4 {[%clk 01:32:12]} {[%emt
00:00:05]} 5. O-O {[%clk 01:30:30]} {[%emt 00:00:32]} c6 {[%clk 01:32:35]}
{[%emt 00:00:08]} 6. Bc4 {[%clk 01:30:50]} {[%emt 00:00:10]} d5 {[%clk
01:32:52]} {[%emt 00:00:12]} 7. exd5 {[%clk 01:31:13]} {[%emt 00:00:08]} cxd5
{[%clk 01:33:15]} {[%emt 00:00:07]} 8. Bb5+ {[%clk 01:31:38]} {[%emt 00:00:04]}
Bd7 {[%clk 01:33:31]} {[%emt 00:00:14]} 9. Re1+ {[%clk 01:31:58]} {[%emt
00:00:11]} Ne7 {[%clk 01:33:55]} {[%emt 00:00:05]} 10. c4 {[%clk 01:32:16]}
{[%emt 00:00:13]} Bxb5 {[%clk 01:32:08]} {[%emt 00:02:17]} 11. cxb5 {[%clk
01:32:38]} {[%emt 00:00:08]} Qb6 {[%clk 01:14:58]} {[%emt 00:17:39]} 12. a4
{[%clk 01:31:15]} {[%emt 00:01:53]} Rd8 {[%clk 01:09:47]} {[%emt 00:05:41]} 13.
d3 {[%clk 01:28:43]} {[%emt 00:03:03]} Rd6 {[%clk 01:08:00]} {[%emt 00:02:17]}
14. Bf4 {[%clk 01:28:31]} {[%emt 00:00:42]} Re6 {[%clk 01:07:17]} {[%emt
00:01:13]} 15. Na3 {[%clk 01:26:59]} {[%emt 00:02:02]} Ng6 {[%clk 01:02:22]}
{[%emt 00:05:25]} 16. Bg3 {[%clk 01:23:56]} {[%emt 00:03:33]} Bd6 {[%clk
00:57:19]} {[%emt 00:05:33]} 17. a5 {[%clk 01:21:26]} {[%emt 00:03:01]} Qd8
{[%clk 00:52:05]} {[%emt 00:05:40]} 18. Nc2 {[%clk 01:18:22]} {[%emt 00:03:37]}
Bxg3 {[%clk 00:46:49]} {[%emt 00:05:46]} 19. hxg3 {[%clk 01:17:56]} {[%emt
00:00:56]} Qf6 {[%clk 00:36:38]} {[%emt 00:10:39]} 20. Qg4 {[%clk 01:15:03]}
{[%emt 00:03:25]} O-O {[%clk 00:30:13]} {[%emt 00:06:54]} 21. Qxd4 {[%clk
01:13:57]} {[%emt 00:01:37]} Qxd4 {[%clk 00:29:17]} {[%emt 00:01:26]} 22. Nxd4
{[%clk 01:14:24]} {[%emt 00:00:03]} Rd6 {[%clk 00:25:19]} {[%emt 00:04:28]} 23.
Rac1 {[%clk 01:14:45]} {[%emt 00:00:09]} Rd7 {[%clk 00:24:01]} {[%emt
00:01:46]} 24. f4 {[%clk 01:14:21]} {[%emt 00:00:56]} f6 {[%clk 00:19:37]}
{[%emt 00:04:53]} 25. Kf2 {[%clk 01:11:41]} {[%emt 00:03:10]} Ne7 {[%clk
00:17:28]} {[%emt 00:02:39]} 26. Ne6 {[%clk 01:11:01]} {[%emt 00:01:11]} Re8
{[%clk 00:14:19]} {[%emt 00:03:36]} 27. Rc7 {[%clk 01:09:48]} {[%emt 00:01:47]}
Rd6 {[%clk 00:11:47]} {[%emt 00:03:00]} 28. Nxg7 {[%clk 01:07:18]} {[%emt
00:03:05]} Kxg7 {[%clk 00:11:18]} {[%emt 00:00:59]} 29. Rexe7+ {[%clk
01:07:32]} {[%emt 00:00:15]} Rxe7 {[%clk 00:11:18]} {[%emt 00:00:31]} 30. Rxe7+
{[%clk 01:07:59]} {[%emt 00:00:03]} Kf8 {[%clk 00:11:32]} {[%emt 00:00:16]} 31.
Rxb7 {[%clk 01:08:23]} {[%emt 00:00:06]} a6 {[%clk 00:11:21]} {[%emt 00:00:41]}
32. Rb6 {[%clk 01:08:36]} {[%emt 00:00:18]} Rd8 {[%clk 00:09:35]} {[%emt
00:02:14]} 33. Rxa6 {[%clk 01:09:03]} {[%emt 00:00:05]} Ke7 {[%clk 00:09:29]}
{[%emt 00:00:34]} 34. b6 {[%clk 01:09:11]} {[%emt 00:00:24]} Rb8 {[%clk
00:09:51]} {[%emt 00:00:06]} 35. Ra7+ {[%clk 01:09:24]} {[%emt 00:00:19]} Kd6
{[%clk 00:10:10]} {[%emt 00:00:09]} 36. b7 {[%clk 01:09:37]} {[%emt 00:00:18]}
Kc6 {[%clk 00:10:13]} {[%emt 00:00:27]} 37. a6 {[%clk 01:09:57]} {[%emt
00:00:10]} Kb6 {[%clk 00:09:26]} {[%emt 00:01:17]} 38. Ra8 {[%clk 01:10:19]}
{[%emt 00:00:09]} Kc7 {[%clk 00:09:48]} {[%emt 00:00:07]} 39. b4 {[%clk
01:10:42]} {[%emt 00:00:08]} d4 {[%clk 00:09:24]} {[%emt 00:00:54]} 40. b5
{[%clk 01:11:09]} {[%emt 00:00:04]} Rxb7 {[%clk 00:09:29]} {[%emt 00:00:25]}
41. axb7 {[%clk 01:11:29]} {[%emt 00:00:10]} Kxb7 {[%clk 00:09:49]} {[%emt
00:00:09]} 42. Rh8 {[%clk 01:11:53]} {[%emt 00:00:06]} h5 {[%clk 00:10:04]}
{[%emt 00:00:15]} 43. Rxh5 {[%clk 01:12:14]} {[%emt 00:00:09]} Kb6 {[%clk
00:10:06]} {[%emt 00:00:28]} 44. Kf3 {[%clk 01:12:43]} {[%emt 00:00:02]} Kc7
{[%clk 00:10:22]} {[%emt 00:00:13]} 45. Ke4 {[%clk 01:13:06]} {[%emt 00:00:07]}
Kd6 {[%clk 00:10:43]} {[%emt 00:00:09]} 46. g4 {[%clk 01:13:28]} {[%emt
00:00:09]} Ke6 {[%clk 00:11:02]} {[%emt 00:00:11]} 47. f5+ {[%clk 01:13:50]}
{[%emt 00:00:07]} Kd6 {[%clk 00:11:27]} {[%emt 00:00:06]} 48. Kxd4 {[%clk
01:14:14]} {[%emt 00:00:06]} Kc7 {[%clk 00:11:50]} {[%emt 00:00:06]} 49. Kc5
{[%clk 01:14:40]} {[%emt 00:00:05]} Kc8 {[%clk 00:11:50]} {[%emt 00:00:30]} 50.
Kc6 {[%clk 01:15:07]} {[%emt 00:00:04]} Kb8 {[%clk 00:12:05]} {[%emt 00:00:15]}
51. b6 {[%clk 01:15:35]} {[%emt 00:00:01]} Ka8 {[%clk 00:12:22]} {[%emt
00:00:13]} 52. b7+ {[%clk 01:15:42]} {[%emt 00:00:24]} Ka7 {[%clk 00:12:15]}
{[%emt 00:00:37]} 53. Rh8 {[%clk 01:16:04]} {[%emt 00:00:07]} Ka6 {[%clk
00:12:32]} {[%emt 00:00:14]} 54. Ra8# {[%clk 01:16:30]} {[%emt 00:00:03]} 1-0